Encuesta de Hogares de Propósitos Múltiples julio 2003
Guardat en:
| Format: | Text |
|---|---|
| Etiquetes: |
Afegir etiqueta
Sense etiquetes, Sigues el primer a etiquetar aquest registre!
|
MARC
| LEADER | 00000 a a2200000 04500 | ||
|---|---|---|---|
| 001 | 40448 | ||
| 003 | |||
| 040 | |||
| 245 | |a Encuesta de Hogares de Propósitos Múltiples julio 2003 | ||
| 500 | |a Cada año se incorporan módulos especiales de investigación. En ésta oportunidad se incluyeron los siguientes : Vivienda y Servicios, Telecomunicaciones, Regímnes de Pensiones y un bloque e preguntas sobre algunos programas sociales; bono de vivienda, becas de estudio (del Fondo Nacional de Becas y de otras instituciones públicas y privadas), bono, comedor, transporte escolar; asistencia a la educación pública y privada, dominio de un segundo idioma y asistencia a servicios del CEN-CINAI. | ||
| 773 | |g (Diciembre , 2003) | ||
| 999 | |c 19589 |d 19589 | ||
